| 000 | 00724nam a22001937a 4500 | ||
|---|---|---|---|
| 999 |
_c63331 _d63331 |
||
| 005 | 20250918144149.0 | ||
| 008 | 250918s1997 gw ||||| |||| 00| 0 goh d | ||
| 020 | _a 9783423033480 | ||
| 041 | _agoh | ||
| 080 | _a821.112.2.09 L-51 | ||
| 100 |
_aLeiß, Ingo _925826 |
||
| 245 |
_aDeutsche Literaturgeschichte : _bBand 8: Wege in die Moderne 1890 - 1918 / _c Ingo Leiß, Hermann Stadler. |
||
| 264 |
_aMünchen : _bDeutscher Taschenbuch Verlag, _c1997. |
||
| 300 |
_a446 p. _b20 cm. |
||
| 653 | _aგერმანული ლიტერატურის ისტორია | ||
| 653 | _aმოდერნიზმი | ||
| 700 |
_aStadler,Hermann _eავტორი _925834 |
||
| 942 |
_2udc _cᲬᲘᲒᲜᲘ |
||